Central Library OPAC University of Rajshahi

What is living and what is dead in Indian philosophy / (Record no. 30641)

MARC details
000 -LEADER
fixed length control field 00766nam a22002532i 4500
001 - CONTROL NUMBER
control field 30641
003 - CONTROL NUMBER IDENTIFIER
rucl marc code BD-RjUL
005 - DATE AND TIME OF LATEST TRANSACTION
control field 20211209051608.0
008 - FIXED-LENGTH DATA ELEMENTS--GENERAL INFORMATION
fixed length control field 140410s 1977 1976 ii b 001 0 eng d
035 ## - SYSTEM CONTROL NUMBER
System control number (BD-RjUL)30728
040 ## - CATALOGING SOURCE
Original cataloging agency DLC
Transcribing agency DLC
Modifying agency BD-RjUL
Language of cataloging eng
041 ## - LANGUAGE CODE
Language code of text/sound track or separate title eng
082 ## - DEWEY DECIMAL CLASSIFICATION NUMBER
Classification number 181.4
Author mark and year CHW 1977
100 1# - MAIN ENTRY--PERSONAL NAME
Personal name Chattopadhyaya, Debiprasad.
9 (RLIN) 68812
245 10 - TITLE STATEMENT
Title What is living and what is dead in Indian philosophy /
Statement of responsibility, etc. by Debiprasad Chattopadhyaya
260 ## - PUBLICATION, DISTRIBUTION, ETC. (IMPRINT)
Place of publication, distribution, etc. New Delhi :
Name of publisher, distributor, etc. People's Pub. House,
Date of publication, distribution, etc. 1977
300 ## - PHYSICAL DESCRIPTION
Pagination xv, 656 p. ;
Size 22 cm
504 ## - BIBLIOGRAPHY, ETC. NOTE
Bibliography, etc Bibliography: p. [637]-640 & Includes index
650 #0 - SUBJECT ADDED ENTRY--TOPICAL TERM
Topical term or geographic name as entry element Philosophy, Indic
9 (RLIN) 93092
Topical term or geographic name as entry element Materialism
9 (RLIN) 93093
Topical term or geographic name as entry element Idealism
9 (RLIN) 274
942 ## - ADDED ENTRY ELEMENTS (KOHA)
Source of classification or shelving scheme Dewey Decimal Classification
Koha item type Books
Holdings
Lost status Source of classification or shelving scheme Damaged status Not for loan Collection code Permanent Location Current Location Shelving location Date acquired Source of acquisition Cost, normal purchase price Total Checkouts Full call number Date last seen Copy number Koha item type
  Dewey Decimal Classification     Non-fiction Central Library, University of Rajshahi Central Library, University of Rajshahi   21/03/1979 India Int. Calcata 55.50   181.4 CHW 1977 10/04/2014 C-2 Books
  Dewey Decimal Classification   Not For Loan Non-fiction Central Library, University of Rajshahi Central Library, University of Rajshahi Reading Room 21/03/1979 Indian International Calcuta 55.00   181.4 CHW 1977 15/04/2014 C-1 Books
  Dewey Decimal Classification     Non-fiction Central Library, University of Rajshahi Central Library, University of Rajshahi   21/03/1979 Indian International Calcuta 55.00   181.4 CHW 1977 15/04/2014 C-3 Books